000 00506nam a22001817a 4500
005 20251108163351.0
008 250721s1979 xx 000 0 ara d
082 1 4 _a9ر180/عبد
100 1 _aبدوى، عبد الرحمن
245 1 0 _aفلسفة العصور الوسطى /
250 _aط3
264 1 _aالكويت :
_bوكالة المطبوعات،
_c1979 1979.
300 _a195ص
650 1 7 _aالفلسفة القديمة
650 1 7 _aالتاريخ
942 _2ddc
_cBK
999 _c888
_d888